000 00523nam a2200193 a 4500
005 20210219152956.0
008 991125n 000 0 eng u
035 _aUPN01000070200
100 _aWEINSTOCK, Henry Robert
222 _aTHE EDUCATIONAL FORUM
245 _aA critique of criticisms of vocationalism
300 _a165-169
362 _a1968 Vol. 32, no. 2, jan.
653 0 _aCURRICULUM
653 0 _aEDUCACION SUPERIOR
653 0 _aORIENTACION VOCACIONAL
904 _aAC
_b008011
905 _aArticulo
999 _c65277
_d65277